000 00399pab a2200157 454500
008 180718b2003 xxu||||| |||| 00| 0 eng d
100 _aCoudle, Sharon
245 _aHomeland security: a challenging environment
260 _c2003
300 _ap.19-22.
362 _aSpring
650 _aState security - United States
650 _aState security
773 _aPublic Manager
909 _a56819
999 _c56819
_d56819